| 000 | 00472nab a2200145Ia 4500 | ||
|---|---|---|---|
| 003 | ES-SlBCS | ||
| 005 | 20210601133008.0 | ||
| 008 | 140529s2001 xxu||||| |||| 00| 0 ita d | ||
| 041 | _aita | ||
| 100 | 1 |
_aPiccioni, Luigi _9200933 |
|
| 245 | 0 | 0 |
_aL'esemplare caso del riscaldamento globale _c Luigi Piccioni |
| 650 | 0 | 4 |
_aCalentamiento Global _9128215 |
| 773 | 0 |
_tParolechiave (Nuova Serie di "Problemi del Socialismo") _gnº. 25, 2001, págs. 215-242 _wRev1681 |
|
| 942 | _cAR | ||
| 999 |
_c588968 _d588968 |
||